00878cam a2200241 a 4500001000500000005001700005020003300022040002300055050002300078082001500101100001800116245003500134250004400169260003400213300002300247500004600270505000700316520023400323521001800557521001700575650002300592650002100615266020240110093426.0 a0385321988 (hc : alk. paper) aDLCcDLCdDLCbeng00aPZ7.P2843bBr 199600a813.542201 aPaulsen, Gary10aBrian's winter /cGary Paulsen aFirst Scholastic printing, January 1998 aNew York :bScholastic,c1996 a133 pages ;c20 cm aCompanion book to: Hatchet and The river. aZ  aInstead of being rescued from a plane crash, as in the author's book Hatchet, this story portrays what would have happened to Brian had he been forced to survive a winter in the wilderness with only his survival pack and hatchet. a1140 bLexile aZ bRaz-Plus 1aSurvivalxFiction. 1aWinterxFiction.